NBA Team by rebrand - Statistics

General Stats
  • This quiz has been taken 17 times
  • The average score is 28 of 30
Answer Stats
Hint Answer % Correct
67ers 76ers
100%
Deer Bucks
100%
Leprechauns Celtics
100%
Scissors Clippers
100%
Black Bears Grizzlies
100%
Humidity Heat
100%
Stingers Hornets
100%
Music Jazz
100%
Emperors Kings
100%
Mustangs Mavericks
100%
Hoops Nets
100%
Ingots Nuggets
100%
Speeders Pacers
100%
Big Beaks Pelicans
100%
Space Ships Rockets
100%
Spiked Boots Spurs
100%
Soldiers Warriors
100%
Eagles Hawks
94%
Bayers Lakers
94%
Dinosaurs Raptors
94%
Stars Suns
94%
PathFires Trailblazers
94%
The Force Magic
88%
Pusher Pistons
88%
WoodenCoyotes Timberwolves
88%
Witches Wizzards
88%
Longhorns Bulls
81%
Chips Knicks
81%
Rumblers Thunder
81%
Fighters Cavaliers
75%
No matching quizzes found
Score Distribution
Percent of People with Each Score
Percentile by Number Answered
Your Score History
You have not taken this quiz